00574cam a2200169 4500001001100000008004100011020001800052035001500070050002000085245011900105260005000224300002100274500001500295504002600310700003300336700003500369BIIH007096 1982 spa  a84-89401-03-9 aBIIH007096 4aHC141bC45 1982 0aCentro America : condiciones para su integracion /cJose Miguel Alfaro ... [et al.] ; ed. Francisco Rojas Aravena. aSan Jose, Costa Rica :bFlacso : EUNED,c1982 a166 p. ;c21 cm. a1 ejemplar aIncluye bibliografias1 aAlfaro, Jose Miguel,ecoaut.1 aRojas Aravena, Francisco,eed.